Statystyki dla 5 największych miast #1

Kliknij tutaj aby rozwiązać quiz!

Ogólne statystyki

  • Ten quiz został rozwiązany 225 razy
  • Średni wynik to 11 z 50

Statystyki odpowiedzi

KrajMiasto% Poprawnych
Stany ZjednoczoneNowy Jork
97%
Stany ZjednoczoneLos Angeles
91%
FinlandiaHelsinki
81%
EgiptKair
78%
Stany ZjednoczoneChicago
76%
AlbaniaTirana
72%
WietnamHanoi
60%
EgiptAleksandria
54%
GwatemalaGwatemala
48%
Stany ZjednoczoneHouston
43%
DzibutiDżibuti
42%
JemenSana
41%
FinlandiaTurku
32%
Stany ZjednoczoneFiladelfia
30%
KamerunJaunde
29%
EgiptGiza
27%
BeninPorto-Novo
25%
WietnamHo Chi Minh (miasto)
22%
AlbaniaDurrës
15%
FinlandiaTampere
15%
FinlandiaEspoo
14%
EgiptPort Said
14%
JemenAden
10%
KamerunDuala
8%
EgiptSuez
8%
BeninKotonu
7%
FinlandiaVantaa
5%
AlbaniaVlorë
3%
KamerunGaroua
2%
WietnamHajfong
2%
BeninParakou
2%
JemenTa'izz
2%
JemenAl-Hudajda
1%
DzibutiAli Sabieh
1%
JemenAl Mukalla
1%
KamerunBafoussam
1%
KamerunBamenda
1%
BeninBohicon
1%
BeninDjougou
1%
DzibutiObock
1%
AlbaniaShkodër
1%
DzibutiTadjoura
1%
AlbaniaAlbasan
0%
DzibutiAnan
0%
WietnamCần Thơ
0%
WietnamĐà Nẵng
0%
GwatemalaMixco
0%
GwatemalaPetapa
0%
GwatemalaQuetzalaltenango
0%
GwatemalaVilla Nueva
0%

Rozkład punktacji

Percentyl według liczby udzielonych odpowiedzi

Procent ludzi z każdym wynikiem

Twoja historia wyników

Nie rozwiązałeś tego quizu